U.S. By Picture - Statistics

General Stats
  • This quiz has been taken 18 times
  • The average score is 4 of 6
Answer Stats
Picture Answer % Correct
Amazon
100%
Squirrel
88%
Babe Ruth
69%
Eagles
63%
Joe Biden
56%
Philadelphia
44%
No matching quizzes found
Score Distribution
Percent of People with Each Score
Percentile by Number Answered
Your Score History
You have not taken this quiz